Universal database management : a guide to object/relational technology

Αποθηκεύτηκε σε:
Λεπτομέρειες βιβλιογραφικής εγγραφής
Κύριος συγγραφέας: Saracco, Cynthia Maro
Μορφή: Βιβλίο
Γλώσσα:English
Δημοσίευση: San Francisco, CA : Morgan Kaufmann Publishers, c1998
Σειρά:Morgan Kaufmann series in data management systems
Θέματα:
Ετικέτες: Προσθήκη ετικέτας
Δεν υπάρχουν, Καταχωρήστε ετικέτα πρώτοι!

MARC

LEADER 00000cam a2200000 i 4500
001 1/17721
008 010301s1998 eng d
020 |a 1-55860-519-3 
035 |l 10066239 
040 |a GR-MY-UA  |b gre  |e aacr 
041 0 |a eng 
082 0 |a 005.74 
100 1 |a Saracco, Cynthia Maro. 
245 1 0 |a Universal database management :  |b a guide to object/relational technology /  |c Cynthia Maro Saracco 
260 |a San Francisco, CA :   |b Morgan Kaufmann Publishers,   |c c1998 
300 |a xvii, 270 p. 
490 1 |a Morgan Kaufmann series in data management systems 
504 |a Includes bibliographical references and index 
650 0 0 |a Database management. 
650 0 0 |a Object-oriented databases. 
650 0 0 |a Relational databases. 
830 0 |a Morgan Kaufmann series in data management systems 
852 |a INST  |b CHIOS  |e 20010301  |h 005.74 SAR  |p 005200021304  |q 005200021304  |t BK  |y 0 
901 |a BIBL2-2001-1 
909 |a Χ  |b 083488 
970 |a ΣΑΛΑΜΟΥΡΑ  |b ΜΑΡΙΑ  |z 2001/03/01